Auteurs et écrivains français - Statistiques

Statistiques générales
  • Ce quiz a été pris 135 fois
  • Le résultat moyen est 13 sur 15
Answers on the Grid
Answers color-coded by a green-red scale on the quiz's grid according to % correct below.
Victor Hugo
Molière
William Shakespeare
Albert Camus
Ernest Hemingway
Fiodor Dostoïevski
Gustave Flaubert
Léon Tolstoï
Émile Zola
Honoré de Balzac
Jane Austen
George Orwell
Mark Twain
Marcel Proust
Jean-Paul Sartre
Gabriel García Márquez
Voltaire
Jean de La Fontaine
Haruki Murakami
Franz Kafka
Guy de Maupassant
Miguel de Cervantes
André Gide
Colette
J. K. Rowling
Stephen King
Paulo Coelho
Alexandre Dumas
Herman Melville
Antoine de Saint-Exupéry
 
Statistiques - réponses
Réponse % Correct
Victor Hugo
100%
Molière
96%
Albert Camus
95%
Émile Zola
93%
Gustave Flaubert
93%
Honoré de Balzac
93%
Voltaire
92%
Marcel Proust
91%
Jean de La Fontaine
90%
Jean-Paul Sartre
89%
Guy de Maupassant
88%
Alexandre Dumas
87%
Antoine de Saint-Exupéry
87%
Colette
76%
André Gide
72%
Aucun quiz correspondant
Distribution des résultats
% des personnes avec chaque résultat
Percentile par nombre de réponses
Votre historique - résultats
Vous n’avez pas pris ce quiz